Shatar Murgh Riyasat (Record no. 529893)

000 -LEADER
fixed length control field 00214nam a2200097 4500
040 ## - CATALOGING SOURCE
Transcribing agency DLC
082 ## - DEWEY DECIMAL CLASSIFICATION NUMBER
Classification number 070.442
Author Mark TAR
100 ## - MAIN ENTRY--PERSONAL NAME
Personal name Tarar, Mustansar Hussain
9 (RLIN) 3135
245 ## - TITLE STATEMENT
Title Shatar Murgh Riyasat
942 ## - ADDED ENTRY ELEMENTS (KOHA)
Source of classification or shelving scheme
Koha item type Book
Holdings
Withdrawn status Lost status Source of classification or shelving scheme Damaged status Not for loan Permanent Location Current Location Date acquired Total Checkouts Full call number Barcode Date last seen Date last checked out Price effective from Koha item type Total Renewals
          School of Civil and Environmental Engineering (SCEE) School of Civil and Environmental Engineering (SCEE) 10/04/2019 1 070.442 TAR NIT-7646 10/07/2019 10/04/2019 10/04/2019 Book  
          School of Civil and Environmental Engineering (SCEE) School of Civil and Environmental Engineering (SCEE) 10/04/2019 1 070.442 TAR NIT-12047 06/10/2022 10/04/2019 10/04/2019 Book 1
© 2023 Central Library, National University of Sciences and Technology. All Rights Reserved.